| 000 | 00936nam a2200253 a 4500 | ||
|---|---|---|---|
| 005 | 20200104041551.0 | ||
| 008 | 140317s2001 ck ||||fr|||| 000 0 spa d | ||
| 020 | _a9583331198 | ||
| 040 |
_aCO-BoIAVH _cCO-BoIAVH |
||
| 041 | 0 | _aspa | |
| 044 | _ack | ||
| 082 | 0 | 4 |
_a354.3 _bD31z |
| 100 | 1 | _aDefler, Thomas R. | |
| 245 | 1 | 0 |
_aZonificación ambiental para el ordenamiento territorial en la Amazonia colombiana : _bLibro de memorias |
| 260 |
_aBogotá : _bInstituto de Ciencias Naturales : _bUniversidad Nacional de Colombia : _bInstituto Amazónico de Investigaciones, _c2001. |
||
| 300 |
_a120 páginas ; _c27 x 21 cm. |
||
| 650 | 6 | _aZonificación ambiental | |
| 650 | 6 | _aOrdenamiento territorial | |
| 650 | 6 | _aPlan de acción ambiental | |
| 662 |
_aColombia _bAmazonas |
||
| 700 | 1 | _aPalacios, Pablo A. | |
| 710 | 2 |
_aColombia _bInstituto Amazónico de Investigaciones |
|
| 942 |
_cLIBRO _2ddc |
||
| 999 |
_c4630 _d4630 |
||